书目信息 |
| 题名: |
思维的认知哲学研究
|
|
| 作者: | 周振华, 著 | |
| 分册: | ||
| 出版信息: | 北京 科学出版社 2018 |
|
| 页数: | 241页 | |
| 开本: | 24cm | |
| 丛书名: | ||
| 单 册: | ||
| 中图分类: | B842.1 , N02 | |
| 科图分类: | ||
| 主题词: | 认知科学--ren zhi ke xue--科学哲学--研究 | |
| 电子资源: | ||
| ISBN: | 978-7-03-059988-9 | |
| 000 | 01228nam0 2200289 450 | |
| 001 | 012001002896 | |
| 005 | 20131024135628.0 | |
| 010 | @a978-7-03-059988-9@dCNY95.00 | |
| 099 | @aCAL 012019004670 | |
| 100 | @a20190110d2018 em y0chiy50 ea | |
| 101 | 0 | @achi |
| 102 | @aCN@b110000 | |
| 105 | @aa a 000yy | |
| 106 | @ar | |
| 200 | 1 | @a思维的认知哲学研究@Asi wei de ren zhi zhe xue yan jiu@d= Analysis on philosophical problems of cognitive thinking@f周振华著@zeng |
| 210 | @a北京@c科学出版社@d2018 | |
| 215 | @a241页@c图@d24cm | |
| 300 | @a本书由山西大学马克思主义学院文瀛文库出版基金资助出版 | |
| 320 | @a有书目 (第233-239页) | |
| 330 | @a本书综合了近年来认知科学多个分支学科关于思维研究的最新成果,认为思维的生理心理基础是记忆,情感是动力与修正因素,语言则是内外表征的主要形式。由此把“思维”划分为“表征”、“动力”和“模拟”三个维度,与之对应的分别是“隐喻思维”、“情感思维”和“机器思维”三种思维类型。 | |
| 510 | 1 | @aAnalysis on philosophical problems of cognitive thinking@zeng |
| 606 | 0 | @a认知科学@Aren zhi ke xue@x科学哲学@x研究 |
| 690 | @aB842.1@v5 | |
| 690 | @aN02@v5 | |
| 701 | 0 | @a周振华,@Azhou zhen hua@f1984-@4著 |
| 801 | 0 | @aCN@b江苏凤凰@c20191020 |
| 905 | @b1225635-7@dB842.1@e3248@f3 | |
| 思维的认知哲学研究= Analysis on philosophical problems of cognitive thinking/周振华著.-北京:科学出版社,2018 |
| 241页:图;24cm |
| 本书由山西大学马克思主义学院文瀛文库出版基金资助出版 |
| ISBN 978-7-03-059988-9:CNY95.00 |
| 本书综合了近年来认知科学多个分支学科关于思维研究的最新成果,认为思维的生理心理基础是记忆,情感是动力与修正因素,语言则是内外表征的主要形式。由此把“思维”划分为“表征”、“动力”和“模拟”三个维度,与之对应的分别是“隐喻思维”、“情感思维”和“机器思维”三种思维类型。 |
| ● |
| 相关链接 |
|
|
|
|
正题名:思维的认知哲学研究
索取号:B842.1/3248
 
预约/预借
| 序号 | 登录号 | 条形码 | 馆藏地/架位号 | 状态 | 备注 |
| 1 | 1225635 | 212256351 | 第一样本阅览室/ [索取号:B842.1/3248] | 在馆 | |
| 2 | 1225636 | 212256360 | 教育系资料室/ [索取号:B842.1/3248] | 在馆 | |
| 3 | 1225637 | 212256379 | 第一借阅区/ [索取号:B842.1/3248] | 在馆 |